[Event "AUT-chT2M 1516"]
[Site "Austria"]
[Date "2016.02.28"]
[Round "8.4"]
[White "Konrad, Edmund"]
[Black "Fahrner, Kurt"]
[Result "1/2-1/2"]
[WhiteElo "2196"]
[BlackElo "2313"]
[PlyCount "95"]
[EventDate "2015.10.02"]
[EventType "team-tourn"]
[EventRounds "11"]
[EventCountry "AUT"]
[SourceTitle "EXT 2017"]
[Source "ChessBase"]
[SourceDate "2016.10.25"]
[SourceVersion "1"]
[SourceVersionDate "2016.10.25"]
[SourceQuality "1"]
[WhiteTeam "Hartkirchen Union"]
[BlackTeam "Graz Austria"]
[WhiteTeamCountry "AUT"]
[BlackTeamCountry "AUT"]

1. e4 Nf6 2. e5 Nd5 3. d4 Nb6 4. Nf3 d5 5. exd6 cxd6 6. d5 e5 7. dxe6 Bxe6 8. Nd4 Nc6 9. Nxe6 fxe6 10. Nc3 Qf6 11. Be3 Be7 12. Be2 d5 13. Bxb6 axb6 14. 0-0 0-0 15. Kh1 Bb4 16. Nb5 Rad8 17. c3 Bc5 18. f4 d4 19. Qc2 dxc3 20. bxc3 e5 21. f5 Qg5 22. Nc7 Rd2 23. Qb3+ Kh8 24. Ne6 Qe3 25. Bg4 Rf6 26. Rae1 Rf2 27. Rg1 Qd3 28. Nxc5 bxc5 29. Qxb7 Qd6 30. Rd1 Qf8 31. Bf3 Ne7 32. Qc7 Nxf5 33. Rge1 Nd4 34. cxd4 R6xf3 35. Kg1 Rf7 36. Qxc5 exd4 37. Qb5 R2f5 38. Qc4 Re7 39. Rxe7 Qxe7 40. Qxd4 h6 41. Qd8+ Qxd8 42. Rxd8+ Kh7 43. Ra8 Rc5 44. h3 Rc2 45. a4 Ra2 46. a5 Kg6 47. a6 Kh7 48. Kh2 1/2-1/2

[Event "AUT-chT2M 1516"]
[Site "Austria"]
[Date "2015.10.04"]
[Round "3.4"]
[White "Konrad, Edmund"]
[Black "Stagl, Marco"]
[Result "1/2-1/2"]
[WhiteElo "2196"]
[BlackElo "2074"]
[PlyCount "127"]
[EventDate "2015.10.02"]
[EventType "team-tourn"]
[EventRounds "11"]
[EventCountry "AUT"]
[SourceTitle "CBM 168 Extra"]
[Source "ChessBase"]
[SourceDate "2015.10.29"]
[SourceVersion "1"]
[SourceVersionDate "2015.10.29"]
[SourceQuality "1"]
[WhiteTeam "Hartkirchen Union"]
[BlackTeam "Wolfsberg"]
[WhiteTeamCountry "AUT"]
[BlackTeamCountry "AUT"]

1. e4 d5 2. exd5 Nf6 3. d4 Nxd5 4. c4 Nb6 5. Nc3 g6 6. h3 Bg7 7. Nf3 0-0 8. Be3 Nc6 9. Qd2 e5 10. d5 Na5 11. b3 e4 12. Nd4 c6 13. Nxe4 cxd5 14. Qxa5 Re8 15. Rd1 Rxe4 16. c5 Qh4 17. g3 Rxe3+ 18. fxe3 Qe4 19. Rh2 Qxe3+ 20. Ne2 Nd7 21. Qd2 Qe7 22. Qxd5 Bf6 23. b4 a5 24. a3 axb4 25. axb4 Bc3+ 26. Kf2 Bxb4 27. Kg1 Qxc5+ 28. Qxc5 Bxc5+ 29. Nd4 Ne5 30. Kh1 Bd7 31. Re2 Bxd4 32. Rxd4 Bc6+ 33. Bg2 Ra1+ 34. Kh2 Nf3+ 35. Bxf3 Bxf3 36. Re8+ Kg7 37. g4 Bc6 38. Re2 Rh1+ 39. Kg3 Rg1+ 40. Kh2 Rf1 41. h4 h6 42. Re3 Rh1+ 43. Kg3 Rg1+ 44. Kh2 Rg2+ 45. Kh3 Rb2 46. Rc3 Rb5 47. Kg3 g5 48. Rdc4 gxh4+ 49. Kxh4 Rb6 50. Rd4 Rb1 51. Kg3 Rf1 52. Rf4 Rd1 53. Rfc4 Rd6 54. Rf4 Rg6 55. Kh4 Bd5 56. Rc5 Be6 57. Rb5 Bc8 58. Rc4 Rc6 59. Rxc6 bxc6 60. Rc5 Bd7 61. Kg3 Kg6 62. Kf4 f6 63. Ra5 Be6 64. Ra7 1/2-1/2

[Event "AUT-chT2M 1516"]
[Site "Austria"]
[Date "2015.10.03"]
[Round "2.4"]
[White "Kravanja, Georg"]
[Black "Konrad, Edmund"]
[Result "1-0"]
[WhiteElo "2201"]
[BlackElo "2196"]
[PlyCount "109"]
[EventDate "2015.10.02"]
[EventType "team-tourn"]
[EventRounds "11"]
[EventCountry "AUT"]
[SourceTitle "CBM 168 Extra"]
[Source "ChessBase"]
[SourceDate "2015.10.29"]
[SourceVersion "1"]
[SourceVersionDate "2015.10.29"]
[SourceQuality "1"]
[WhiteTeam "Graz Schachfreunde"]
[BlackTeam "Hartkirchen Union"]
[WhiteTeamCountry "AUT"]
[BlackTeamCountry "AUT"]

1. d4 d5 2. c4 c6 3. Nf3 Nf6 4. e3 e6 5. b3 Nbd7 6. Bb2 Qa5+ 7. Nbd2 Ne4 8. Bd3 Nxd2 9. Nxd2 dxc4 10. Bxc4 Bb4 11. a3 Bxd2+ 12. Qxd2 Qxd2+ 13. Kxd2 Nf6 14. f3 0-0 15. e4 b6 16. Ke3 Bb7 17. Rac1 Rfd8 18. Rc2 Rd7 19. g4 Rad8 20. h4 b5 21. Be2 h5 22. g5 Ne8 23. Bc3 Nd6 24. Ba5 Re8 25. Bb4 Nc8 26. f4 g6 27. a4 a6 28. Bf3 Red8 29. Rd1 Re8 30. Rdc1 Kg7 31. a5 Na7 32. Be1 Kg8 33. Bb4 Kh7 34. Bc5 Nc8 35. Bg2 Kg8 36. Bh3 Kg7 37. Kf3 Nd6 38. Bxd6 Rxd6 39. Ke3 Red8 40. Rd2 Kf8 41. e5 R6d7 42. Rc5 Rd5 43. Rcc2 c5 44. Bg2 cxd4+ 45. Kd3 R5d7 46. Bxb7 Rxb7 47. Rc6 Ra7 48. Rdc2 Ke7 49. Rc7+ Rd7 50. Rxa7 Rxa7 51. Rc6 Kd7 52. Rd6+ Kc7 53. Kxd4 Ra8 54. Kc5 Ra7 55. Rc6+ 1-0

[Event "AUT-chT2M 1415"]
[Site "Austria"]
[Date "2015.04.18"]
[Round "10.4"]
[White "Kravanja, Georg"]
[Black "Konrad, Edmund"]
[Result "1/2-1/2"]
[WhiteElo "2215"]
[BlackElo "2191"]
[PlyCount "146"]
[EventDate "2014.10.03"]
[EventType "team-tourn"]
[EventRounds "11"]
[EventCountry "AUT"]
[SourceTitle "EXT 2016"]
[Source "ChessBase"]
[SourceDate "2015.10.08"]
[SourceVersion "1"]
[SourceVersionDate "2015.10.08"]
[SourceQuality "1"]
[WhiteTeam "Graz Schachfreunde"]
[BlackTeam "Hartkirchen"]
[WhiteTeamCountry "AUT"]
[BlackTeamCountry "AUT"]

1. d4 d5 2. c4 c6 3. Nf3 Nf6 4. g3 e6 5. Bg2 Nbd7 6. 0-0 Bd6 7. Nfd2 0-0 8. Nc3 Re8 9. e4 dxe4 10. Ncxe4 Nxe4 11. Nxe4 Bc7 12. Bg5 f6 13. Be3 Nf8 14. Qa4 Qe7 15. Rfd1 Rd8 16. Rac1 a5 17. Nc5 Bb6 18. b4 Ra7 19. b5 e5 20. Nb3 exd4 21. Nxd4 Bxd4 22. Bxd4 c5 23. Re1 Be6 24. b6 Ra6 25. Be3 Rxb6 26. Qxa5 Ra6 27. Qxc5 Qf7 28. Qb4 Rd7 29. a3 Ng6 30. f4 h5 31. Qb5 Ne7 32. a4 Nf5 33. Bf2 Rad6 34. c5 Rd2 35. c6 bxc6 36. Bxc6 Nd4 37. Qb8+ Kh7 38. Bxd4 R7xd4 39. Be8 Qg8 40. Qb1+ g6 41. Bc6 Bd5 42. Qb7+ Kh6 43. Bxd5 Qxd5 44. Qxd5 Rxd5 45. Ra1 Rb2 46. Red1 Rc5 47. Rac1 Rxc1 48. Rxc1 Ra2 49. Rc4 Ra1+ 50. Kg2 Ra2+ 51. Kh3 Ra3 52. Rc6 Rxa4 53. Rxf6 Kg7 54. Rb6 Ra2 55. Kh4 Ra5 56. Rd6 Kh6 57. h3 Ra4 58. Rf6 Rb4 59. g4 hxg4 60. hxg4 Kg7 61. Kg5 Rb5+ 62. f5 gxf5 63. gxf5 Rb1 64. Ra6 Rg1+ 65. Kf4 Rf1+ 66. Ke5 Re1+ 67. Kd5 Kf7 68. Rh6 Rd1+ 69. Ke4 Re1+ 70. Kd4 Rd1+ 71. Ke3 Re1+ 72. Kf3 Rf1+ 73. Kg4 Rg1+ 1/2-1/2

[Event "Donau op 23rd"]
[Site "Aschach"]
[Date "2014.12.28"]
[Round "4"]
[White "Konrad, Edmund"]
[Black "Petenyi, Tamas"]
[Result "0-1"]
[WhiteElo "2191"]
[BlackElo "2442"]
[PlyCount "44"]
[EventDate "2014.12.26"]
[EventType "swiss"]
[EventRounds "7"]
[EventCountry "AUT"]
[SourceTitle "CBM 164 Extra"]
[Source "ChessBase"]
[SourceDate "2015.03.02"]
[SourceVersion "1"]
[SourceVersionDate "2015.03.02"]
[SourceQuality "1"]

1. e4 c5 2. Nf3 e6 3. d4 cxd4 4. Nxd4 Nf6 5. Nc3 d6 6. g4 h6 7. Bg2 Nc6 8. h3 a6 9. 0-0 Bd7 10. Nce2 g5 11. c4 Ne5 12. b3 Be7 13. Ng3 Qc7 14. Be3 Ng6 15. Re1 Nf4 16. Bf1 h5 17. Bxf4 gxf4 18. Nxh5 Nxh5 19. gxh5 Qc5 20. Nc2 Bf6 21. b4 Rg8+ 22. Bg2 Qg5 0-1

[Event "Donau op 23rd"]
[Site "Aschach"]
[Date "2014.12.27"]
[Round "2"]
[White "Konrad, Edmund"]
[Black "Neuman, Petr"]
[Result "0-1"]
[WhiteElo "2191"]
[BlackElo "2469"]
[PlyCount "60"]
[EventDate "2014.12.26"]
[EventType "swiss"]
[EventRounds "7"]
[EventCountry "AUT"]
[SourceTitle "CBM 164 Extra"]
[Source "ChessBase"]
[SourceDate "2015.03.02"]
[SourceVersion "1"]
[SourceVersionDate "2015.03.02"]
[SourceQuality "1"]

1. e4 d6 2. d4 Nf6 3. Nc3 Nbd7 4. Nf3 e5 5. Bc4 Be7 6. 0-0 0-0 7. Re1 c6 8. a4 a5 9. h3 Nb6 10. Bf1 exd4 11. Nxd4 d5 12. e5 Ne8 13. Bd3 g6 14. Bd2 Ng7 15. Kh1 Nd7 16. Bh6 Nc5 17. Be2 f6 18. Bxg7 Kxg7 19. f4 Qb6 20. Rb1 fxe5 21. fxe5 Ne6 22. Nxe6+ Bxe6 23. Bg4 Bg8 24. Rf1 Rxf1+ 25. Qxf1 Rf8 26. Bf3 Qd4 27. Qe2 Be6 28. Re1 Qh4 29. Kg1 Bxh3 30. gxh3 Qxh3 0-1

[Event "AUT-chT2M 1415"]
[Site "Austria"]
[Date "2014.11.16"]
[Round "5.2"]
[White "Renner, Christoph"]
[Black "Konrad, Edmund"]
[Result "0-1"]
[WhiteElo "2375"]
[BlackElo "2191"]
[PlyCount "114"]
[EventDate "2014.10.03"]
[EventType "team-tourn"]
[EventRounds "11"]
[EventCountry "AUT"]
[SourceTitle "CBM 163 Extra"]
[Source "ChessBase"]
[SourceDate "2014.12.23"]
[SourceVersion "1"]
[SourceVersionDate "2014.12.23"]
[SourceQuality "1"]
[WhiteTeam "Sauwald"]
[BlackTeam "Hartkirchen"]
[WhiteTeamCountry "AUT"]
[BlackTeamCountry "AUT"]

1. e4 e6 2. d3 d5 3. Qe2 Nf6 4. Nf3 b6 5. e5 Nfd7 6. g3 c5 7. Bg2 Bb7 8. 0-0 Nc6 9. c4 d4 10. h4 Be7 11. Re1 0-0 12. Nbd2 Re8 13. Nf1 f6 14. exf6 Bxf6 15. N1h2 e5 16. Ng5 Bxg5 17. hxg5 Na5 18. Bd2 Qc7 19. Be4 Bxe4 20. Qxe4 Qc6 21. Bxa5 Qxe4 22. Rxe4 bxa5 23. Nf3 Rab8 24. b3 Rb6 25. Rae1 Rbe6 26. Kg2 Kf7 27. Kh3 Kg6 28. R1e2 R6e7 29. Kh4 Re6 30. Nh2 h6 31. f4 hxg5+ 32. fxg5 Kf7 33. Kg4 Ke7 34. Nf3 Kd6 35. Rh2 Rf8 36. Nh4 Kc6 37. Rhe2 Rf1 38. Re1 Rxe1 39. Rxe1 g6 40. Nf3 e4 41. dxe4 Ne5+ 42. Nxe5+ Rxe5 43. Kf4 Kd6 44. Rh1 Re7 45. Rh6 Rf7+ 46. Kg4 Ke5 47. Rxg6 d3 48. Rh6 d2 49. Rh1 Rd7 50. Rd1 Kxe4 51. g6 Ke3 52. Kg5 Ke2 53. Rxd2+ Kxd2 54. Kh6 Rd4 55. Kh5 Kc3 56. g7 Rd8 57. Kh6 Kb2 0-1

[Event "AUT-chT2M 1415"]
[Site "Austria"]
[Date "2014.11.15"]
[Round "4.2"]
[White "Konrad, Edmund"]
[Black "Velicka, Petr"]
[Result "0-1"]
[WhiteElo "2191"]
[BlackElo "2409"]
[PlyCount "86"]
[EventDate "2014.10.03"]
[EventType "team-tourn"]
[EventRounds "11"]
[EventCountry "AUT"]
[SourceTitle "EXT 2015"]
[Source "ChessBase"]
[SourceDate "2014.11.20"]
[SourceVersion "1"]
[SourceVersionDate "2014.11.20"]
[SourceQuality "1"]
[WhiteTeam "Hartkirchen"]
[BlackTeam "Steyregg"]
[WhiteTeamCountry "AUT"]
[BlackTeamCountry "AUT"]

1. e4 c5 2. Nf3 e6 3. d4 cxd4 4. Nxd4 a6 5. Nc3 Qc7 6. Bd3 Nf6 7. 0-0 Bc5 8. Be3 d6 9. Qd2 Nbd7 10. f4 h5 11. Nf3 Bxe3+ 12. Qxe3 Qc5 13. Qxc5 Nxc5 14. e5 dxe5 15. fxe5 Ng4 16. Rfd1 Bd7 17. h3 Ne3 18. Rd2 Bc6 19. Nd4 Rd8 20. Nxc6 bxc6 21. Re2 Nxd3 22. Rxe3 Nxb2 23. Re4 0-0 24. Rb4 Rb8 25. Rxb8 Rxb8 26. Rb1 Rb6 27. Kf2 Kf8 28. Ke2 Ke7 29. Nd1 Nc4 30. Rxb6 Nxb6 31. Kd3 Nd5 32. Kc4 Kd7 33. Kc5 Kc7 34. c4 Nf4 35. Ne3 f6 36. Kd4 Ne2+ 37. Kd3 Nc1+ 38. Ke4 Nxa2 39. exf6 gxf6 40. g4 hxg4 41. h4 Kd7 42. h5 Ke7 43. Kd4 g3 0-1

[Event "AUT-chT2M 1415"]
[Site "Austria"]
[Date "2014.10.03"]
[Round "1.3"]
[White "Sandhoefner, Florian"]
[Black "Konrad, Edmund"]
[Result "1/2-1/2"]
[WhiteElo "2304"]
[BlackElo "2191"]
[PlyCount "64"]
[EventDate "2014.10.03"]
[EventType "team-tourn"]
[EventRounds "11"]
[EventCountry "AUT"]
[SourceTitle "EXT 2015"]
[Source "ChessBase"]
[SourceDate "2014.11.20"]
[SourceVersion "1"]
[SourceVersionDate "2014.11.20"]
[SourceQuality "1"]
[WhiteTeam "St Valentin"]
[BlackTeam "Hartkirchen"]
[WhiteTeamCountry "AUT"]
[BlackTeamCountry "AUT"]

1. e4 e6 2. d4 d5 3. Nd2 dxe4 4. Nxe4 Nd7 5. Nf3 Ngf6 6. Nxf6+ Nxf6 7. Bd3 c5 8. dxc5 Bxc5 9. Qe2 Qc7 10. 0-0 a6 11. Ne5 Nd7 12. Bf4 Bd6 13. Rfe1 Nxe5 14. Bxe5 Bxe5 15. Qxe5 Qxe5 16. Rxe5 Bd7 17. Be4 0-0-0 18. f4 Kc7 19. Rc5+ Bc6 20. Bxc6 bxc6 21. Kf2 Rd5 22. Rc3 Rd2+ 23. Kf3 Rb8 24. b3 Rb5 25. Re1 Kd6 26. Re4 Rc5 27. Rxc5 Kxc5 28. Rc4+ Kb6 29. h4 h5 30. g3 g6 31. Ke3 Rg2 32. Kf3 Rd2 1/2-1/2

[Event "Donau op 22nd"]
[Site "Aschach"]
[Date "2013.12.27"]
[Round "2"]
[White "Konrad, Edmund"]
[Black "Neuman, Petr"]
[Result "0-1"]
[WhiteElo "2192"]
[BlackElo "2496"]
[PlyCount "58"]
[EventDate "2013.12.26"]
[EventType "swiss"]
[EventRounds "7"]
[EventCountry "AUT"]
[SourceTitle "CBM 158 Extra"]
[Source "ChessBase"]
[SourceDate "2014.02.28"]
[SourceVersion "1"]
[SourceVersionDate "2014.02.28"]
[SourceQuality "1"]

1. e4 g6 2. d4 Bg7 3. Nc3 d6 4. Nf3 a6 5. a4 b6 6. Bc4 e6 7. Bg5 Ne7 8. Qd2 h6 9. Be3 Bb7 10. 0-0 Nd7 11. Qd3 0-0 12. Rfe1 Nf6 13. Ba2 Nc6 14. Qd2 Kh7 15. h3 Ne7 16. Bf4 g5 17. Bh2 Ng6 18. g4 Nd7 19. Qd3 e5 20. d5 Rh8 21. Ne2 Kg8 22. Ng3 Nf4 23. Qf1 h5 24. Nf5 hxg4 25. hxg4 Nh3+ 26. Kh1 Nf6 27. Qg2 Nxg4 28. Rf1 Nxh2 29. Nxh2 Bc8 0-1

[Event "Donau op 21st"]
[Site "Aschach"]
[Date "2012.12.28"]
[Round "4"]
[White "Konrad, Edmund"]
[Black "Schreiner, Peter"]
[Result "1/2-1/2"]
[WhiteElo "2203"]
[BlackElo "2439"]
[PlyCount "80"]
[EventDate "2012.12.26"]
[EventType "swiss"]
[EventRounds "7"]
[EventCountry "AUT"]
[SourceTitle "CBM 152 Extra"]
[Source "ChessBase"]
[SourceDate "2013.02.25"]
[SourceVersion "1"]
[SourceVersionDate "2013.02.25"]
[SourceQuality "1"]

1. e4 e5 2. Nf3 Nc6 3. Bb5 Nf6 4. 0-0 Nxe4 5. d4 Nd6 6. Bxc6 dxc6 7. dxe5 Nf5 8. Qxd8+ Kxd8 9. Nc3 Bd7 10. h3 h6 11. Rd1 Kc8 12. b3 b6 13. Bb2 c5 14. Nd5 Bc6 15. c4 Kb7 16. Rd3 a5 17. a4 Rg8 18. Rad1 Re8 19. Re1 Rd8 20. Red1 g5 21. Nf6 Rxd3 22. Rxd3 Rg6 23. Nh2 Ng7 24. Nhg4 h5 25. Ne3 Kc8 26. Kh2 Be7 27. Ned5 Bd8 28. Kg1 Bb7 29. Kf1 c6 30. Nc3 Bxf6 31. exf6 Nf5 32. Ne4 g4 33. h4 Rg8 34. Nd6+ Nxd6 35. Rxd6 Rd8 36. Rxd8+ Kxd8 37. Ke2 Bc8 38. g3 Bf5 39. Kd2 Kc7 40. Be5+ Kb7 1/2-1/2

[Event "Regionalliga NO 0607"]
[Site "Bayern"]
[Date "2006.10.29"]
[Round "2.1"]
[White "Konrad, Edmund"]
[Black "Steinbacher, Matthias"]
[Result "1/2-1/2"]
[WhiteElo "2249"]
[BlackElo "2262"]
[PlyCount "93"]
[EventDate "2006.10.15"]
[EventType "team-tourn"]
[EventRounds "9"]
[EventCountry "GER"]
[SourceTitle "EXT 2008"]
[Source "ChessBase"]
[SourceDate "2007.11.25"]
[SourceVersion "1"]
[SourceVersionDate "2007.11.25"]
[SourceQuality "1"]
[WhiteTeam "Postbauer Heng"]
[BlackTeam "Altensittenbach"]
[WhiteTeamCountry "GER"]
[BlackTeamCountry "GER"]

1. e4 c6 2. d4 d5 3. Nc3 dxe4 4. Nxe4 Bf5 5. Ng3 Bg6 6. N1e2 Na6 7. c3 e5 8. Qb3 Qd7 9. f4 f6 10. fxe5 fxe5 11. Be3 Nf6 12. 0-0-0 0-0-0 13. Rd2 Ng4 14. dxe5 Nc5 15. Rxd7 Nxb3+ 16. axb3 Rxd7 17. e6 Rd6 18. Bxa7 Be7 19. h4 Rxe6 20. Nf4 Re1+ 21. Kd2 Rb1 22. Nxg6 hxg6 23. Be2 Rxh1 24. Bxg4+ Kc7 25. Nxh1 Rxh4 26. Nf2 b6 27. Bf3 Kb7 28. Bxb6 Kxb6 29. b4 Rh8 30. Kc2 Rf8 31. Ng4 Bd6 32. Kb3 Re8 33. Nf2 g5 34. Ng4 Bg3 35. Kc4 Re1 36. Kb3 Kb5 37. Kc2 Re7 38. Kb3 Re6 39. Bd1 Re4 40. Bf3 Re1 41. Kc2 Kb6 42. Kb3 Kc7 43. Kc2 Kd6 44. Kb3 Kc7 45. Kc2 Kb6 46. Kb3 Kb5 47. Kc2 1/2-1/2

[Event "Donau op 14th"]
[Site "Aschach"]
[Date "2005.12.27"]
[Round "2"]
[White "Videki, Sandor"]
[Black "Konrad, Edmund"]
[Result "0-1"]
[WhiteElo "2406"]
[BlackElo "2214"]
[PlyCount "76"]
[EventDate "2005.12.26"]
[EventType "swiss"]
[EventRounds "7"]
[EventCountry "AUT"]
[SourceTitle "CBM 110 Extra"]
[Source "ChessBase"]
[SourceDate "2006.03.10"]
[SourceVersion "2"]
[SourceVersionDate "2006.03.10"]
[SourceQuality "1"]

1. e4 e6 2. d4 d5 3. Nd2 c5 4. Ngf3 Nf6 5. exd5 exd5 6. Bb5+ Bd7 7. Bxd7+ Nbxd7 8. 0-0 Be7 9. dxc5 Nxc5 10. Nb3 Nce4 11. Bf4 0-0 12. Nfd4 Qd7 13. Qf3 Rfe8 14. h3 Bd6 15. Be3 Rac8 16. c3 Bb8 17. Nf5 g6 18. Nh6+ Kg7 19. Rad1 a5 20. Nd4 a4 21. a3 Nd6 22. Nc2 Nc4 23. Ng4 Nxg4 24. hxg4 Rcd8 25. Nb4 Nxe3 26. fxe3 Qe6 27. Nxd5 Ba7 28. Rd3 Rd7 29. Rfd1 Red8 30. Kf1 Qa6 31. Kf2 Qe6 32. Nf4 Qe7 33. Rxd7 Rxd7 34. Rxd7 Qxd7 35. Nd5 Qe6 36. g5 Bb8 37. Qf6+ Qxf6+ 38. gxf6+ Kh6 0-1

[Event "Donau op 13th"]
[Site "Aschach"]
[Date "2004.12.29"]
[Round "5"]
[White "Konrad, Edmund"]
[Black "Ragger, Markus"]
[Result "0-1"]
[WhiteElo "2200"]
[BlackElo "2428"]
[PlyCount "42"]
[EventDate "2004.12.26"]
[EventType "swiss"]
[EventRounds "7"]
[EventCountry "AUT"]
[SourceTitle "CBM 104 Extra"]
[Source "ChessBase"]
[SourceDate "2005.03.01"]
[SourceVersion "1"]
[SourceVersionDate "2005.03.01"]
[SourceQuality "1"]

1. e4 e5 2. Nf3 Nc6 3. Bb5 a6 4. Ba4 Nf6 5. 0-0 Be7 6. Re1 b5 7. Bb3 0-0 8. c3 d6 9. h3 Na5 10. Bc2 c5 11. d4 Qc7 12. Nbd2 Rd8 13. Nf1 cxd4 14. cxd4 exd4 15. Nxd4 d5 16. e5 Ne4 17. Bf4 Bc5 18. Ne3 Qb6 19. Nb3 Nxb3 20. Bxb3 Be6 21. f3 g5 0-1

[Event "Donau op 12th"]
[Site "Aschach"]
[Date "2003.12.27"]
[Round "2"]
[White "Konrad, Edmund"]
[Black "Wegener, Dirk"]
[Result "1/2-1/2"]
[WhiteElo "2209"]
[BlackElo "2312"]
[PlyCount "42"]
[EventDate "2003.12.26"]
[EventType "swiss"]
[EventRounds "7"]
[EventCountry "AUT"]
[SourceTitle "CBM 097 Extra"]
[Source "ChessBase"]
[SourceDate "2004.01.13"]
[SourceVersion "1"]
[SourceVersionDate "2004.01.13"]
[SourceQuality "1"]

1. e4 e6 2. Qe2 Be7 3. d4 d5 4. e5 c5 5. c3 Nc6 6. Be3 Qb6 7. Nf3 Bd7 8. dxc5 Bxc5 9. Bxc5 Qxc5 10. Nbd2 Nge7 11. g3 Qb6 12. Nb3 Ng6 13. 0-0-0 0-0 14. Bg2 f6 15. exf6 Rxf6 16. Qe3 Qxe3+ 17. fxe3 Raf8 18. Rhf1 Nge7 19. Nfd4 e5 20. Nxc6 Bxc6 21. Na5 Rxf1 1/2-1/2

[Event "Donau op 11th"]
[Site "Aschach"]
[Date "2002.12.27"]
[Round "2"]
[White "Horvath, Csaba"]
[Black "Konrad, Edmund"]
[Result "1-0"]
[WhiteElo "2506"]
[BlackElo "2215"]
[PlyCount "63"]
[EventDate "2002.12.26"]
[EventType "swiss"]
[EventRounds "7"]
[EventCountry "AUT"]
[SourceTitle "CBM 091 Extra"]
[Source "ChessBase"]
[SourceDate "2003.01.09"]
[SourceVersion "1"]
[SourceVersionDate "2003.01.09"]
[SourceQuality "1"]

1. d4 d5 2. c4 e6 3. Nf3 Nf6 4. g3 c6 5. Bg2 Nbd7 6. 0-0 Ne4 7. Nfd2 f5 8. Nxe4 fxe4 9. Nc3 Be7 10. b3 0-0 11. f3 exf3 12. exf3 dxc4 13. bxc4 e5 14. Be3 exd4 15. Bxd4 Bc5 16. Ne4 Bxd4+ 17. Qxd4 Nf6 18. Nd6 Ne8 19. c5 Nxd6 20. cxd6 Qb6 21. Rfd1 Qxd4+ 22. Rxd4 Bd7 23. f4 Rab8 24. Rc1 Rfe8 25. a4 Re3 26. Kf2 Ra3 27. Re1 Rd8 28. Bf1 c5 29. Bc4+ Kf8 30. Rd5 b6 31. Rh5 Rxa4 32. Rxh7 1-0

[Event "Donau op 10th"]
[Site "Aschach"]
[Date "2001.12.31"]
[Round "7"]
[White "Konrad, Edmund"]
[Black "Kreindl, Helmut"]
[Result "1/2-1/2"]
[WhiteElo "2204"]
[BlackElo "2195"]
[PlyCount "99"]
[EventDate "2001.12.26"]
[EventType "swiss"]
[EventRounds "7"]
[EventCountry "AUT"]
[SourceTitle "CBM 085 Extra"]
[Source "ChessBase"]
[SourceDate "2002.01.21"]
[SourceVersion "1"]
[SourceVersionDate "2002.01.21"]
[SourceQuality "1"]

1. e4 d5 2. exd5 Nf6 3. d4 Nxd5 4. Nf3 Bg4 5. Be2 Nc6 6. 0-0 e6 7. c3 Bd6 8. Ne5 Bxe2 9. Qxe2 Bxe5 10. dxe5 Qh4 11. g3 Qh3 12. Nd2 h5 13. Nf3 Qg4 14. Kg2 h4 15. h3 Qf5 16. g4 Qg6 17. c4 Nb6 18. Rd1 Nd7 19. b4 0-0-0 20. b5 Ne7 21. a4 Nf5 22. Kh2 Nh6 23. Be3 f5 24. exf6 gxf6 25. Nd4 Qe4 26. Qf3 Qxf3 27. Nxf3 Nf7 28. g5 fxg5 29. Nxg5 Nxg5 30. Bxg5 Rdg8 31. f4 e5 32. Rg1 exf4 33. Bxf4 Nc5 34. Be5 Rxg1 35. Rxg1 Rh7 36. a5 a6 37. Rg7 Rxg7 38. Bxg7 Nb3 39. Bc3 Kd7 40. Kg2 Ke6 41. Kf3 Kf5 42. Ke3 Nc5 43. Be1 Nb3 44. Bxh4 Nxa5 45. Kd4 axb5 46. cxb5 c6 47. b6 Nb3+ 48. Kc4 Nd2+ 49. Kc5 Ne4+ 50. Kd4 1/2-1/2

[Event "Donau op 10th"]
[Site "Aschach"]
[Date "2001.12.27"]
[Round "2"]
[White "Tischbierek, Raj"]
[Black "Konrad, Edmund"]
[Result "1-0"]
[WhiteElo "2493"]
[BlackElo "2204"]
[PlyCount "49"]
[EventDate "2001.12.26"]
[EventType "swiss"]
[EventRounds "7"]
[EventCountry "AUT"]
[SourceTitle "CBM 085 Extra"]
[Source "ChessBase"]
[SourceDate "2002.01.21"]
[SourceVersion "1"]
[SourceVersionDate "2002.01.21"]
[SourceQuality "1"]

1. e4 e6 2. d4 d5 3. Nd2 c5 4. Ngf3 Nf6 5. e5 Nfd7 6. c3 Nc6 7. Bd3 Qb6 8. 0-0 cxd4 9. Nxd4 Nxd4 10. cxd4 Qxd4 11. Nf3 Qb6 12. Qa4 Be7 13. Qg4 Kf8 14. Rb1 f6 15. Be3 Qb4 16. Qh5 Nxe5 17. Nxe5 fxe5 18. Qxe5 Bf6 19. Qc7 Be7 20. Rfc1 Ke8 21. Qg3 g6 22. a3 Qh4 23. Bb5+ Kf8 24. Qxh4 Bxh4 25. Rc7 1-0

[Event "AUT-chT2M 0102"]
[Site "Austria"]
[Date "2001.11.03"]
[Round "2.1"]
[White "Konrad, Edmund"]
[Black "Haba, Petr"]
[Result "0-1"]
[WhiteElo "2215"]
[BlackElo "2482"]
[PlyCount "48"]
[EventDate "2001.11.02"]
[EventType "team"]
[EventRounds "11"]
[EventCountry "AUT"]
[SourceTitle "EXT 2003"]
[Source "ChessBase"]
[SourceDate "2002.11.25"]
[SourceVersion "1"]
[SourceVersionDate "2002.11.25"]
[SourceQuality "1"]
[WhiteTeam "Hartkirchen"]
[BlackTeam "Grieskirchen"]
[WhiteTeamCountry "AUT"]
[BlackTeamCountry "AUT"]

1. e4 c5 2. Nc3 Nc6 3. g3 g6 4. Bg2 Bg7 5. d3 d6 6. f4 e6 7. Nf3 Nge7 8. 0-0 0-0 9. Be3 Nd4 10. e5 Nef5 11. Bf2 Nxf3+ 12. Qxf3 Bd7 13. Qxb7 Rb8 14. Qxa7 Rxb2 15. Rab1 Rxc2 16. Ne4 dxe5 17. Bxc5 exf4 18. Rxf4 Bc6 19. Nf6+ Qxf6 20. Bxc6 e5 21. Rc4 Rxc4 22. dxc4 Qxc6 23. Bxf8 Bxf8 24. Qb8 Nd4 0-1

[Event "AUT-chT2M 0102"]
[Site "Austria"]
[Date "2001.11.02"]
[Round "1.1"]
[White "Konrad, Edmund"]
[Black "Konopka, Michal"]
[Result "0-1"]
[WhiteElo "2215"]
[BlackElo "2479"]
[PlyCount "66"]
[EventDate "2001.11.02"]
[EventType "team"]
[EventRounds "11"]
[EventCountry "AUT"]
[SourceTitle "EXT 2003"]
[Source "ChessBase"]
[SourceDate "2002.11.25"]
[SourceVersion "1"]
[SourceVersionDate "2002.11.25"]
[SourceQuality "1"]
[WhiteTeam "Hartkirchen"]
[BlackTeam "St Valentin"]
[WhiteTeamCountry "AUT"]
[BlackTeamCountry "AUT"]

1. e4 Nf6 2. e5 Nd5 3. d4 d6 4. Nf3 Nb6 5. Be2 g6 6. 0-0 Bg7 7. b3 0-0 8. Bb2 Nc6 9. c4 Bg4 10. h3 Bf5 11. exd6 cxd6 12. Nc3 d5 13. c5 Nc8 14. Na4 Be4 15. Qd2 Bxf3 16. Bxf3 e6 17. Bd1 Qf6 18. Bc2 N8e7 19. Rad1 Rfb8 20. a3 Nf5 21. Bxf5 gxf5 22. Qe2 Kh8 23. Rd3 Rg8 24. Rfd1 Bh6 25. Rg3 Bf4 26. Rxg8+ Rxg8 27. Qf3 Bc7 28. Nc3 a6 29. Ne2 Ne7 30. Nf4 Bxf4 31. Qxf4 Ng6 32. Qh6 f4 33. f3 Qh4 0-1